000 00359nam a2200145Ia 4500
008 150201s2012 xx 000 0 und d
082 _a611
_bE12K
100 _aKOTHARI, MANU L.
245 _aESSENTIALS OF HUMAN GENETICS
250 _a5TH
260 _bUNIVERSITY PRESS
_aHYD INDIA
_c2012
300 _a1-488
650 _aHUMAN ANATOMY
942 _2ddc
_cBK
_03
999 _c1597
_d1597